Septimio Severo: el emperador africano

Saved in:
Bibliographic Details
Main Author: Birley, Anthony R (Author)
Format: Book
Language:Spanish
Published: Madrid Gredos 2012
Edition:1a. ed
Series:Estudios Clásicos
Subjects:
Tags: Add Tag
No Tags, Be the first to tag this record!

MARC

LEADER 00000cam a2200000 a 4500
001 UCD6751
003 CL-VaPUC
008 170113e20120000sp |||||||||||||||||spa|d
020 |a 9788424936457 
082 0 4 |a 937  |b BIR  |2 21 
100 0 |a Birley, Anthony R  |e author  |9 590561 
245 1 0 |a Septimio Severo: el emperador africano 
250 |a 1a. ed 
300 |a 425 p 
942 |c BK 
945 |d 20170113 07:29:00  |a arojas 
260 |a Madrid  |b Gredos  |c 2012 
600 0 7 |a SEPTIMO SEVERO  |2 CL-VaPUC  |9 439340 
650 0 |a Emperadores romanos  |9 314054 
650 0 |a Biografías  |9 255210 
651 0 |a Roma   |9 255106 
583 |a last modification  |c 20170113 07:29:00  |k Rodrigo Vera 
490 0 |a Estudios Clásicos 
999 |c 366939  |d 366937 
952 |0 0  |1 0  |3 erb  |4 0  |6 937_000000000000000_BIR_2012  |7 0  |8 A  |9 481594  |a BIBHIS  |b BIBHIS  |i 5359740  |o 937 BIR 2012  |p 5359740  |r 2025-01-20  |w 2019-11-24  |y BK  |z Catalogado en:20170113  |k HIS